| 000 | 00603nam a2200181 i 4500 | ||
|---|---|---|---|
| 001 | 185177 | ||
| 003 | ES-MaACL | ||
| 005 | 20250903084345.0 | ||
| 008 | 160404s1912 fr |||| | fre d | ||
| 110 | 2 |
_aImprimerie & Librairie Édouard Privat. _9159269 |
|
| 245 | 1 | 0 | _aCatalogue général. |
| 260 |
_aToulouse : _bÉdouard Privat, _c1912. |
||
| 300 |
_a34, 24, 79 p. : _bil. ; _c24 cm. |
||
| 650 | 7 |
_aCatálogos de editores- _yS.XX _2 _9169795 |
|
| 650 | 4 |
_aCatálogos de editores- _zFrancia _912068 |
|
| 852 |
_aES-MaACL _jT-1397-F-1 _z.- Enc. en un vol. facticio |
||
| 999 |
_c185177 _d185177 |
||